Antología canciones costarricenses

Պահպանված է:
Մատենագիտական մանրամասներ
Հիմնական հեղինակներ: Monestel Zamora, Alejandro (autor), Fonseca, Julio (Հեղինակ), Castegnaro, Dolores (Հեղինակ), Sanz, Rocío (Հեղինակ), Ulloa, Ricardo (Հեղինակ), Gutiérrez, Benjamín (Հեղինակ), Herra Rodríguez, Luis Diego (Հեղինակ)
Այլ հեղինակներ: Mata Oreamuno, Julio (autor), Mata, Félix (autor)
Ձևաչափ: Գիրք
Լեզու:իսպաներեն
Հրապարակվել է: San José Universidad de Costa Rica 2005
Հրատարակություն:2a. ed
Խորագրեր:
Ցուցիչներ: Ավելացրեք ցուցիչ
Չկան պիտակներ, Եղեք առաջինը, ով նշում է այս գրառումը!

MARC

LEADER 00000cam a2200000 a 4500
001 UCE7768
003 CL-VaPUC
005 20250311112659.0
008 150703e20050000cr |||||||||||||||||spa|d
999 |c 359798  |d 359796 
020 |a 9977679754 
040 |c Pontificia Universidad Católica de Valparaíso 
082 0 4 |a C782.42  |b MON  |2 21 
100 |a Monestel Zamora, Alejandro  |e autor  |9 580481 
245 1 0 |a Antología canciones costarricenses 
250 |a 2a. ed 
260 |a San José  |b Universidad de Costa Rica  |c 2005 
300 |a 123 p 
583 |a last modification  |c 20150703 10:05:00  |k Rodrigo Vera 
650 0 |a Canciones  |2 CL-VaPUC  |9 306659 
650 0 |a Partituras  |9 324008 
651 0 |a Costa Rica   |9 225304 
700 0 |a Fonseca, Julio  |e author  |9 580483 
700 |a Mata Oreamuno, Julio  |e autor  |9 580477 
700 0 |a Castegnaro, Dolores  |e author  |9 580485 
700 |a Mata, Félix  |e autor  |9 580486 
700 0 |a Sanz, Rocío  |e author  |9 580487 
700 0 |a Ulloa, Ricardo  |e author  |9 580488 
700 0 |a Gutiérrez, Benjamín  |e author  |9 580489 
700 |a Herra Rodríguez, Luis Diego  |e author  |9 580494 
942 |c BK  |2 ddc 
945 |d 20150703 10:05:00  |a gsalatino 
952 |0 0  |1 0  |3 erb  |4 0  |6 C_782_420000000000000_MON_2005  |7 0  |8 ?  |9 469344  |a BIBEDU  |b BIBEDU  |i 5165520  |o C782.42 MON 2005  |p 5165520  |r 2023-11-22  |w 2019-11-23  |y BK  |z Catalogado en:20150703  |k MUS